<?xml version="1.0" encoding="UTF-8"?>
<record
    xmlns:xsi="http://www.w3.org/2001/XMLSchema-instance"
    xsi:schemaLocation="http://www.loc.gov/MARC21/slim http://www.loc.gov/standards/marcxml/schema/MARC21slim.xsd"
    xmlns="http://www.loc.gov/MARC21/slim">

  <leader>01056    a2200133   4500</leader>
  <controlfield tag="001">127514</controlfield>
  <datafield tag="020" ind1=" " ind2=" ">
    <subfield code="a">9788539501199</subfield>
  </datafield>
  <datafield tag="040" ind1=" " ind2=" ">
    <subfield code="c">Escola Canadense de Niteroi</subfield>
  </datafield>
  <datafield tag="090" ind1=" " ind2=" ">
    <subfield code="a">T2</subfield>
  </datafield>
  <datafield tag="100" ind1=" " ind2=" ">
    <subfield code="a">Whitfileld, Peter</subfield>
  </datafield>
  <datafield tag="245" ind1="1" ind2="0">
    <subfield code="a">Turma da Sabedoria para cima e para baixo</subfield>
  </datafield>
  <datafield tag="520" ind1=" " ind2=" ">
    <subfield code="a">O Macaco anda muito nervoso: n&#xE3;o consegue encontrar nada legal para fazer! Ent&#xE3;o, para acabar com o mau humor que sente por estar sem atividades, ele decide pedir ajuda para a s&#xE1;bia Clara Cascuda. E n&#xE3;o &#xE9; que a Clara acalma o amigo? Mas ser&#xE1; que, com a cabe&#xE7;a tranquila, o Macaco vai come&#xE7;ar a enxergar as coisas boas que podemos fazer todos os dias? Venha descobrir! As hist&#xF3;rias da Turma da Sabedoria s&#xE3;o baseadas em f&#xE1;bulas cl&#xE1;ssicas, apresentadas no final de cada livro, e tratam de princ&#xED;pios e valores muito importantes em nossas vidas! Com situa&#xE7;&#xF5;es interessantes e singelas, a Turma da Sabedoria diverte e deixa recados positivos e pr&#xE1;ticos na cabe&#xE7;a e no cora&#xE7;&#xE3;o de quem acompanha as aventuras desse grupo maravilhoso e encantador!</subfield>
  </datafield>
  <datafield tag="942" ind1=" " ind2=" ">
    <subfield code="c">BK</subfield>
  </datafield>
  <datafield tag="952" ind1=" " ind2=" ">
    <subfield code="0">0</subfield>
    <subfield code="1">0</subfield>
    <subfield code="4">0</subfield>
    <subfield code="7">0</subfield>
    <subfield code="a">80.1</subfield>
    <subfield code="b">80.1</subfield>
    <subfield code="d">2024-02-09</subfield>
    <subfield code="l">0</subfield>
    <subfield code="o">T2</subfield>
    <subfield code="p">A12374</subfield>
    <subfield code="r">2024-02-09 21:24:34</subfield>
    <subfield code="w">2024-02-09</subfield>
    <subfield code="y">BK</subfield>
  </datafield>
  <datafield tag="999" ind1=" " ind2=" ">
    <subfield code="c">127514</subfield>
    <subfield code="d">127514</subfield>
  </datafield>
</record>
